| 000 -LEADER |
| fixed length control field |
00415cam a22001457a 4500 |
| 008 - FIXED-LENGTH DATA ELEMENTS--GENERAL INFORMATION |
| fixed length control field |
180718b1970 xxu||||| |||| 00| 0 eng d |
| 082 ## - DEWEY DECIMAL CLASSIFICATION NUMBER |
| Classification number |
B3x5403 D334 |
| 100 ## - MAIN ENTRY--PERSONAL NAME |
| Personal name |
Day, U.N. |
| 245 ## - TITLE STATEMENT |
| Title |
Mughal government: A.D. 1556 - 1707 |
| Statement of responsibility, etc. |
by U.N. Day |
| 260 ## - PUBLICATION, DISTRIBUTION, ETC. |
| Place of publication, distribution, etc. |
Delhi |
| Name of publisher, distributor, etc. |
Munshiram Monoharlal |
| Date of publication, distribution, etc. |
1970 |
| 300 ## - PHYSICAL DESCRIPTION |
| Extent |
249p. |
| 500 ## - GENERAL NOTE |
| General note |
Rs.25.00 |
| 650 ## - SUBJECT ADDED ENTRY--TOPICAL TERM |
| Topical term or geographic name entry element |
Mogul Empire. |
| 650 ## - SUBJECT ADDED ENTRY--TOPICAL TERM |
| Topical term or geographic name entry element |
India --Politics and government --997-1765 |